The noble scholar, jurist, historian


 His Excellency Dr. Abdul Wahhab bin Ibrahim Abu Sulaiman, may Allah have mercy on him.


 He was born in Umm Al-Qura in the year 1356 AH.

المدخل إلى موطأ مالك بن أنس / (Record no. 3899)

MARC details
000 -LEADER
fixed length control field 01195cam a2200277 i 4500
003 - CONTROL NUMBER IDENTIFIER
control field SA-RiAUC
005 - DATE AND TIME OF LATEST TRANSACTION
control field 20241224091817.0
008 - FIXED-LENGTH DATA ELEMENTS--GENERAL INFORMATION
fixed length control field 241219s2010 ku g 000 0 ara c
040 ## - CATALOGING SOURCE
Original cataloging agency SA-JeALM
Language of cataloging ara
Transcribing agency SA-RiAUC
Description conventions rda
082 04 - DEWEY DECIMAL CLASSIFICATION NUMBER
Classification number 236.4
Assigning agency SA-RiAUC
090 ## - LOCALLY ASSIGNED LC-TYPE CALL NUMBER (OCLC); LOCAL CALL NUMBER (RLIN)
Classification number (OCLC) (R) ; Classification number, CALL (RLIN) (NR) 236.4
Local cutter number (OCLC) ; Book number/undivided call number, CALL (RLIN) خ ذ ي
100 1# - MAIN ENTRY--PERSONAL NAME
Personal name خذيري، الطاهر الأزهر
Relator term مؤلف.
245 12 - TITLE STATEMENT
Title المدخل إلى موطأ مالك بن أنس /
Statement of responsibility, etc. تأليف الدكتور الطاهر الأزهر خذيري.
250 ## - EDITION STATEMENT
Edition statement الطبعة الاولى.
264 #1 - PRODUCTION, PUBLICATION, DISTRIBUTION, MANUFACTURE, AND COPYRIGHT NOTICE
Place of production, publication, distribution, manufacture الكويت :
Name of producer, publisher, distributor, manufacturer مكتب الشؤون الفنية،
Date of production, publication, distribution, manufacture, or copyright notice 2008
300 ## - PHYSICAL DESCRIPTION
Extent 176 صفحة ؛
Dimensions 24 × 17 سم
336 ## - CONTENT TYPE
Content type term نص
Content type code txt
Source rdacontent
Materials specified كتاب
337 ## - MEDIA TYPE
Media type term بدون وسيط
Media type code n
Source rdamedia
338 ## - CARRIER TYPE
Carrier type term مجلد
Carrier type code nc
Source rdacarrier
490 ## - SERIES STATEMENT
Series statement مشروع قراءة وسماع الكتب السبعة
Volume/sequential designation 5
650 #7 - SUBJECT ADDED ENTRY--TOPICAL TERM
Topical term or geographic name entry element الحديث
General subdivision مسند ابن مالك
Source of heading or term aucsh
650 #7 - SUBJECT ADDED ENTRY--TOPICAL TERM
Topical term or geographic name entry element الحديث
General subdivision كتب أئمة الفقه الأربعة
Source of heading or term aucsh
700 12 - ADDED ENTRY--PERSONAL NAME
Relationship information شرح لـ (عمل) :
Personal name الإمام مالك، مالك بن أنس بن مالك،
Dates associated with a name 93-179 هجري.
Title of a work الموطأ.
942 ## - ADDED ENTRY ELEMENTS (KOHA)
Source of classification or shelving scheme Dewey Decimal Classification
Koha item type Books
Suppress in OPAC No
949 ## - LOCAL PROCESSING INFORMATION (OCLC)
a SA-JeALM
d 241219
u osman123
n 1
Holdings
Withdrawn status Lost status Source of classification or shelving scheme Damaged status Not for loan Home library Current library Date acquired Total checkouts Full call number Barcode Date last seen Price effective from Koha item type
    Dewey Decimal Classification     DR AbdElwahab Library DR AbdElwahab Library 12/24/2024   236.4 خ ذ ي 000006227 12/24/2024 12/24/2024 Books